Sobre la uniformidad de las tarifas óptimas (Registro nro. 15198)
[ vista simple ]
| 000 -LEADER | |
|---|---|
| fixed length control field | 00363 a2200121 4500 |
| 001 - CONTROL NUMBER | |
| control field | ART_23816 |
| 005 - DATE AND TIME OF LATEST TRANSACTION | |
| control field | 20260410161701.0 |
| 008 - FIXED-LENGTH DATA ELEMENTS--GENERAL INFORMATION | |
| fixed length control field | 260409a |
| 100 1# - MAIN ENTRY--PERSONAL NAME | |
| Personal name | Martirena-Mantel, Ana María |
| 245 10 - TITLE STATEMENT | |
| Title | Sobre la uniformidad de las tarifas óptimas |
| 700 1# - ADDED ENTRY--PERSONAL NAME | |
| Personal name | Mantel, Rolf R. |
| 773 0# - HOST ITEM ENTRY | |
| Title | Ensayos Económicos |
| Related parts | - Nº 20 (dic. 1981) |
| Record control number | REV620 |
No hay ítems disponibles.